[Event "Sheffield op"]
[Site "Sheffield"]
[Date "2024.04.13"]
[Round "6"]
[White "Kanyamarala, Tarun"]
[Black "Carroll, Thomas"]
[Result "1-0"]
[WhiteElo "2293"]
[BlackElo "2074"]
[PlyCount "79"]
[EventDate "2024.04.10"]
[EventType "swiss"]
[EventRounds "9"]
[EventCountry "ENG"]
[SourceTitle "CB16_2024"]
[SourceDate "2024.04.17"]
[SourceVersion "1"]
[SourceVersionDate "2024.04.17"]
[SourceQuality "1"]

1. d4 d5 2. c4 c6 3. Nf3 Nf6 4. e3 a6 5. Nbd2 g6 6. Bd3 Bf5 7. Qc2 Bxd3 8. Qxd3 Bg7 9. 0-0 0-0 10. e4 dxc4 11. Qxc4 Nbd7 12. e5 Nd5 13. Ne4 e6 14. b3 c5 15. Nxc5 Nxc5 16. dxc5 Qc7 17. Bb2 Rfc8 18. Rfc1 Bf8 19. Bd4 Qa5 20. a3 b6 21. b4 Qa4 22. Qf1 bxc5 23. bxc5 Rc6 24. Rc4 Qa5 25. Ng5 Bxc5 26. Rac1 Bxd4 27. Rxc6 Bxe5 28. Qe1 Qxe1+ 29. Rxe1 Bb2 30. a4 a5 31. Rb1 Ba3 32. Rb7 Be7 33. Ne4 Rd8 34. g3 Bb4 35. Nc5 Nc3 36. Na6 Ne2+ 37. Kf1 Nd4 38. Nxb4 axb4 39. Rcc7 b3 40. Rd7 1-0

[Event "Sheffield op"]
[Site "Sheffield"]
[Date "2024.04.11"]
[Round "3"]
[White "Kanyamarala, Tarun"]
[Black "Gurner, Jem"]
[Result "1-0"]
[WhiteElo "2293"]
[BlackElo "1990"]
[PlyCount "87"]
[EventDate "2024.04.10"]
[EventType "swiss"]
[EventRounds "9"]
[EventCountry "ENG"]
[SourceTitle "CB16_2024"]
[SourceDate "2024.04.17"]
[SourceVersion "1"]
[SourceVersionDate "2024.04.17"]
[SourceQuality "1"]

1. d4 Nf6 2. c4 g6 3. Nc3 Bg7 4. e4 d6 5. Nf3 0-0 6. Be3 e5 7. dxe5 dxe5 8. Qc2 Nc6 9. Rd1 Qe7 10. Nd5 Nxd5 11. cxd5 Nd4 12. Nxd4 exd4 13. Bxd4 Re8 14. f3 f5 15. Bxg7 Kxg7 16. Bd3 fxe4 17. fxe4 Qb4+ 18. Qd2 Qb6 19. Bb1 Bf5 20. Qd4+ Kg8 21. Qxb6 axb6 22. Rd4 c5 23. Rc4 Bxe4 24. Bxe4 b5 25. Rxc5 Rxe4+ 26. Kd2 Rxa2 27. Rxb5 Re7 28. Re1 Rd7 29. Re8+ Kf7 30. Rb8 Ra7 31. Ke3 Ke7 32. Kf4 Kd6 33. Kg5 Kc7 34. Rh8 Ra6 35. Kh6 Rad6 36. g4 Ra6 37. Rc5+ Kd6 38. Rc2 Ke5 39. Re8+ Kf4 40. Rf2+ Kxg4 41. Re4+ Kh3 42. Re3+ Kg4 43. h3+ Kh4 44. Rf4# 1-0

[Event "Sheffield op"]
[Site "Sheffield"]
[Date "2024.04.11"]
[Round "2"]
[White "Wills, Tom"]
[Black "Kanyamarala, Tarun"]
[Result "0-1"]
[WhiteElo "1942"]
[BlackElo "2293"]
[PlyCount "78"]
[EventDate "2024.04.10"]
[EventType "swiss"]
[EventRounds "9"]
[EventCountry "ENG"]
[SourceTitle "CB16_2024"]
[SourceDate "2024.04.17"]
[SourceVersion "1"]
[SourceVersionDate "2024.04.17"]
[SourceQuality "1"]

1. e4 c5 2. Nf3 e6 3. d4 cxd4 4. Nxd4 a6 5. a3 Nf6 6. Nc3 Qc7 7. f4 Nc6 8. e5 Nxd4 9. Qxd4 Ng4 10. Qd1 f5 11. Be2 Nh6 12. Be3 b5 13. Qd2 Bb7 14. Rd1 Be7 15. 0-0 Rd8 16. Bd4 Nf7 17. Qe3 Rc8 18. Qg3 0-0 19. Kh1 Bc6 20. Rd2 Kh8 21. Bf3 Rg8 22. Rfd1 g5 23. Bxc6 Qxc6 24. Be3 gxf4 25. Qxf4 Bg5 26. Qd4 Bxe3 27. Qxe3 Rg7 28. Rf2 Rcg8 29. Rdd2 Rg4 30. h3 Rg3 31. Qd4 Rxh3+ 32. Kg1 Ng5 33. Kf1 Rh1+ 34. Ke2 Ne4 35. Nxe4 Rg4 36. Kf3 Rxe4 37. Qxd7 Re3+ 38. Kf4 Qe4+ 39. Kg5 Qh4# 0-1

[Event "Dublin DCU op"]
[Site "Dublin"]
[Date "2024.03.09"]
[Round "3"]
[White "Kanyamarala, Tarun"]
[Black "Venkatesan, Kavin"]
[Result "0-1"]
[WhiteElo "2295"]
[BlackElo "2182"]
[PlyCount "102"]
[EventDate "2024.03.08"]
[EventType "swiss"]
[EventRounds "5"]
[EventCountry "IRL"]
[SourceTitle "CB11_2024"]
[SourceDate "2024.03.13"]
[SourceVersion "1"]
[SourceVersionDate "2024.03.13"]
[SourceQuality "1"]

1. d4 Nf6 2. Nf3 d5 3. g3 e6 4. Bg2 Be7 5. 0-0 0-0 6. c4 c6 7. Nc3 a5 8. Nd2 b6 9. e4 dxc4 10. Nxc4 Ba6 11. b3 b5 12. Ne5 b4 13. Ne2 Bxe2 14. Qxe2 Qxd4 15. Bb2 Qb6 16. Rac1 a4 17. Rc2 axb3 18. axb3 Ra7 19. Rd1 Rc8 20. Bh3 c5 21. Nxf7 Kxf7 22. e5 Nfd7 23. Qh5+ Kg8 24. Rd6 Bxd6 25. Bxe6+ Kh8 26. Bf5 Nf8 27. Bxc8 Be7 28. Rc4 Qg6 29. Qe2 Ra2 30. Rc2 Nc6 31. Rd2 Qb1+ 32. Kg2 Nd4 33. Bxd4 Rxd2 34. Qxd2 cxd4 35. Qxd4 Qxb3 36. Ba6 Qc3 37. Qd5 Qc5 38. Qf7 Qc6+ 39. f3 Qxa6 40. Qxe7 Qa2+ 41. Kg1 Qb1+ 42. Kg2 Kg8 43. Qb7 Qc2+ 44. Kf1 Qc4+ 45. Kf2 b3 46. f4 Qd4+ 47. Ke2 b2 48. Qb3+ Kh8 49. Qb8 Qc4+ 50. Kf2 Qc2+ 51. Kf3 Kg8 0-1

[Event "British Rapidplay"]
[Site "Peterborough"]
[Date "2024.03.02"]
[Round "2"]
[White "Dicen, Elis Denele"]
[Black "Kanyamarala, Tarun"]
[Result "0-1"]
[WhiteElo "1915"]
[BlackElo "2295"]
[PlyCount "70"]
[EventDate "2024.03.02"]
[EventType "swiss (rapid)"]
[EventRounds "11"]
[EventCountry "ENG"]
[SourceTitle "CB10_2024"]
[SourceDate "2024.03.06"]
[SourceVersion "1"]
[SourceVersionDate "2024.03.06"]
[SourceQuality "1"]

1. d4 Nf6 2. c4 e6 3. Nc3 Bb4 4. e3 d5 5. Bd2 0-0 6. Nf3 a6 7. Rc1 Re8 8. Be2 dxc4 9. Bxc4 b5 10. Bd3 Bb7 11. a3 Bf8 12. Qe2 Nbd7 13. b4 e5 14. dxe5 Bxf3 15. gxf3 Nxe5 16. Be4 Nxe4 17. Nxe4 Nd3+ 18. Kf1 Nxc1 19. Bxc1 f5 20. Ng3 Qd5 21. Kg2 Rad8 22. Qc2 f4 23. exf4 c5 24. bxc5 Qxc5 25. Qb2 Rd3 26. Ne4 Qd5 27. Re1 Re6 28. Qe2 Rd4 29. Kh1 Qh5 30. Kg2 Rh6 31. Rh1 Qh3+ 32. Kg1 Rg6+ 33. Ng3 Rgd6 34. Bb2 Rd1+ 35. Nf1 Rg6# 0-1

[Event "Kragero op"]
[Site "Kragero"]
[Date "2024.02.25"]
[Round "9"]
[White "Kanyamarala, Tarun"]
[Black "Carlsson, Ludvig"]
[Result "1/2-1/2"]
[WhiteElo "2286"]
[BlackElo "2368"]
[PlyCount "81"]
[EventDate "2024.02.21"]
[EventType "swiss"]
[EventRounds "9"]
[EventCountry "NOR"]
[SourceTitle "CB09_2024"]
[SourceDate "2024.02.28"]
[SourceVersion "1"]
[SourceVersionDate "2024.02.28"]
[SourceQuality "1"]

1. d4 e6 2. Bf4 d5 3. Nc3 Bb4 4. Qd3 c5 5. dxc5 Qf6 6. e3 Nd7 7. Nf3 a6 8. Qd4 Bxc5 9. Qa4 h6 10. Be5 Qg6 11. Nb5 Kf8 12. Bd3 Qxg2 13. Rg1 Qxg1+ 14. Nxg1 Nxe5 15. Nc7 Bd7 16. Qa5 b6 17. Qc3 Nxd3+ 18. Qxd3 Ra7 19. Nxa6 Bd6 20. c3 Nf6 21. Nb4 Bxh2 22. Nf3 Bd6 23. Nd4 Ra8 24. Nb5 Be7 25. a3 h5 26. 0-0-0 Ne4 27. Qe2 Nxf2 28. Nc7 Rc8 29. Nxe6+ Bxe6 30. Qxf2 Bxb4 31. axb4 h4 32. e4 h3 33. exd5 Bxd5 34. Qxb6 Be6 35. Rd8+ Ke7 36. Qd6+ Kf6 37. Qf4+ Kg6 38. Qg3+ Kf6 39. Qf4+ Kg6 40. Qg3+ Kf6 41. Qf4+ 1/2-1/2

[Event "Kragero op"]
[Site "Kragero"]
[Date "2024.02.22"]
[Round "4"]
[White "Kanyamarala, Tarun"]
[Black "Ostmoe, Geir S Tallaksen"]
[Result "1/2-1/2"]
[WhiteElo "2286"]
[BlackElo "2477"]
[PlyCount "65"]
[EventDate "2024.02.21"]
[EventType "swiss"]
[EventRounds "9"]
[EventCountry "NOR"]
[SourceTitle "CB09_2024"]
[SourceDate "2024.02.28"]
[SourceVersion "1"]
[SourceVersionDate "2024.02.28"]
[SourceQuality "1"]

1. d4 Nf6 2. c4 e6 3. Nc3 Bb4 4. e3 0-0 5. Bd3 d5 6. a3 Bxc3+ 7. bxc3 c6 8. Nf3 b6 9. a4 Ba6 10. Ba3 Re8 11. Ne5 dxc4 12. Be2 c5 13. 0-0 Nd5 14. Rc1 cxd4 15. cxd4 c3 16. Bxa6 Nxa6 17. e4 Ne7 18. Rxc3 f6 19. Nc4 Rc8 20. Qd2 Rc6 21. Rfc1 Qd7 22. h3 Rd8 23. Qc2 Ng6 24. Rd1 Ne5 25. Nxe5 Rxc3 26. Qxc3 fxe5 27. Qc4 Nc5 28. Bxc5 bxc5 29. d5 Qd6 30. Kh2 Qf8 31. Kg1 h6 32. Rd3 Qd6 33. Rc3 1/2-1/2

[Event "Titled Tuesday intern op 13th Feb Early"]
[Site "Chess.com INT"]
[Date "2024.02.13"]
[Round "2"]
[White "Velikanov, Alexander"]
[Black "Kanyamarala, Tarun"]
[Result "0-1"]
[WhiteElo "2387"]
[BlackElo "2286"]
[PlyCount "138"]
[EventDate "2024.02.13"]
[EventType "swiss (blitz)"]
[EventRounds "11"]
[EventCountry "USA"]
[SourceTitle "CB08_2024"]
[SourceDate "2024.02.21"]
[SourceVersion "1"]
[SourceVersionDate "2024.02.21"]
[SourceQuality "1"]

1. d4 Nf6 2. Nf3 d5 3. c4 e6 4. Nc3 c5 5. cxd5 Nxd5 6. e3 Nc6 7. Bb5 cxd4 8. exd4 Be7 9. 0-0 0-0 10. Bxc6 bxc6 11. Na4 Rb8 12. Re1 Nb6 13. Bd2 Nxa4 14. Qxa4 Rxb2 15. Rac1 Bb7 16. Qxa7 Qa8 17. Qxa8 Rxa8 18. Be3 Raxa2 19. Ne5 h6 20. Nxc6 Bxc6 21. Rxc6 Bh4 22. g3 Bg5 23. Bxg5 hxg5 24. Rf1 Rd2 25. Rc5 g4 26. Rc4 f5 27. Rc6 Kf7 28. Rc7+ Kf6 29. Rc6 Rxd4 30. Re1 Re4 31. Rxe4 fxe4 32. Rc4 Kf5 33. Rc5+ e5 34. Rc7 g6 35. Rf7+ Kg5 36. Re7 Ra5 37. Kf1 Kf6 38. Re8 Ra2 39. Rf8+ Ke6 40. Rb8 Kd5 41. Rg8 e3 42. fxe3 Rxh2 43. Rxg6 Ke4 44. Rxg4+ Kf3 45. Kg1 Rg2+ 46. Kh1 Rxg3 47. Ra4 Kxe3 48. Ra3+ Kf4 49. Ra8 e4 50. Kh2 Rg7 51. Ra3 e3 52. Ra2 Kf3 53. Ra8 Kf2 54. Rf8+ Ke1 55. Re8 e2 56. Re6 Kf2 57. Rf6+ Ke1 58. Re6 Rf7 59. Kg2 Rf5 60. Kg3 Kd2 61. Rd6+ Ke3 62. Re6+ Kd3 63. Rd6+ Ke4 64. Re6+ Kd3 65. Rd6+ Kc2 66. Re6 Kd1 67. Rd6+ Ke1 68. Re6 Rf7 69. Re5 Kf1 0-1

[Event "Titled Tuesday intern op 06th Feb Early"]
[Site "Chess.com INT"]
[Date "2024.02.06"]
[Round "2"]
[White "Kanyamarala, Tarun"]
[Black "De Souza, Cristiano Gomes"]
[Result "1-0"]
[WhiteElo "2286"]
[BlackElo "2018"]
[PlyCount "51"]
[EventDate "2024.02.06"]
[EventType "swiss (blitz)"]
[EventRounds "11"]
[EventCountry "USA"]
[SourceTitle "CB07_2024"]
[SourceDate "2024.02.14"]
[SourceVersion "1"]
[SourceVersionDate "2024.02.14"]
[SourceQuality "1"]

1. d4 Nf6 2. Bg5 c5 3. Nc3 cxd4 4. Qxd4 Nc6 5. Qh4 e6 6. 0-0-0 Be7 7. e4 h6 8. f4 a6 9. e5 Ng8 10. Nf3 f6 11. Qh5+ Kf8 12. Bh4 Qe8 13. Qxe8+ Kxe8 14. Ne4 g5 15. exf6 gxh4 16. fxe7 Ngxe7 17. Nd6+ Kf8 18. Nxh4 Kg7 19. Be2 Rf8 20. Rhf1 Nd5 21. Rd3 Rxf4 22. Rg3+ Kf6 23. Rxf4+ Nxf4 24. Rf3 Kg5 25. Ne4+ Kxh4 26. Rxf4# 1-0

[Event "Titled Tuesday intern op 06th Feb Early"]
[Site "Chess.com INT"]
[Date "2024.02.06"]
[Round "11"]
[White "Kanyamarala, Tarun"]
[Black "Filippova, Margarita"]
[Result "1-0"]
[WhiteElo "2286"]
[BlackElo "2026"]
[PlyCount "83"]
[EventDate "2024.02.06"]
[EventType "swiss (blitz)"]
[EventRounds "11"]
[EventCountry "USA"]
[SourceTitle "CB07_2024"]
[SourceDate "2024.02.14"]
[SourceVersion "1"]
[SourceVersionDate "2024.02.14"]
[SourceQuality "1"]

1. d4 d5 2. Bf4 Nf6 3. e3 Bf5 4. c4 e6 5. Qb3 Nc6 6. c5 Rb8 7. Nc3 a6 8. Nf3 h6 9. Qa4 Nd7 10. 0-0-0 g5 11. Bg3 Bg7 12. h4 g4 13. Nd2 0-0 14. h5 Qc8 15. Nb3 Nd8 16. Qa5 c6 17. Bxb8 Qxb8 18. Bd3 Bxd3 19. Rxd3 f5 20. g3 Nf6 21. Qb4 Nf7 22. Na5 Ne4 23. Nxe4 fxe4 24. Rb3 Nd8 25. Rf1 Rf7 26. Qb6 Qc8 27. Qa7 Qc7 28. Qb6 Qe7 29. a3 Qf8 30. Kb1 Bf6 31. Ka2 Bg5 32. Qb4 Rxf2 33. Rxf2 Qxf2 34. Nxb7 Qxg3 35. Nxd8 Bxd8 36. Qb7 Qc7 37. Qxa6 g3 38. Rb7 g2 39. Rxc7 Bxc7 40. Qc8+ Kf7 41. Qxc7+ Kf6 42. Qf4+ 1-0

[Event "Dublin Gonzaga Masters"]
[Site "Dublin"]
[Date "2024.01.28"]
[Round "5"]
[White "Kanyamarala, Tarun"]
[Black "Flynn, Jacob"]
[Result "1/2-1/2"]
[WhiteElo "2284"]
[BlackElo "2177"]
[PlyCount "49"]
[EventDate "2024.01.26"]
[EventType "swiss"]
[EventRounds "5"]
[EventCountry "IRL"]
[SourceTitle "CB05_2024"]
[SourceDate "2024.01.31"]
[SourceVersion "1"]
[SourceVersionDate "2024.01.31"]
[SourceQuality "1"]

1. d4 d5 2. Nf3 Nf6 3. Bf4 e6 4. e3 c5 5. c3 Nc6 6. Nbd2 cxd4 7. exd4 Nh5 8. Be3 Bd6 9. Ne5 Nf6 10. f4 Qb6 11. Qb3 Ng8 12. Ndf3 f6 13. Nd3 Nge7 14. g3 0-0 15. Bg2 Bd7 16. 0-0 Na5 17. Qc2 Rae8 18. Rfe1 Qc7 19. Bf2 Nf5 20. Re2 b6 21. Rae1 h5 22. Qd1 g6 23. Rc2 Rf7 24. b3 Bf8 25. Qe2 1/2-1/2

[Event "Titled Tuesday intern op 09th Jan Early"]
[Site "Chess.com INT"]
[Date "2024.01.09"]
[Round "10"]
[White "Fernandez Garcia, Gumersindo"]
[Black "Kanyamarala, Tarun"]
[Result "1-0"]
[WhiteElo "2117"]
[BlackElo "2284"]
[PlyCount "119"]
[EventDate "2024.01.09"]
[EventType "swiss (blitz)"]
[EventRounds "11"]
[EventCountry "USA"]
[SourceTitle "CB03_2024"]
[SourceDate "2024.01.17"]
[SourceVersion "1"]
[SourceVersionDate "2024.01.17"]
[SourceQuality "1"]

1. e4 c5 2. c3 e5 3. Nf3 Nc6 4. d4 cxd4 5. cxd4 exd4 6. Nxd4 Bb4+ 7. Nc3 Nge7 8. Bc4 d5 9. exd5 Nxd5 10. 0-0 Bxc3 11. bxc3 0-0 12. Nxc6 bxc6 13. Qf3 Be6 14. Rd1 Qf6 15. Bb2 Qxf3 16. gxf3 Nb6 17. Bxe6 fxe6 18. Kg2 Rfd8 19. Ba3 Nc4 20. Bc5 Rd5 21. Bd4 Rad8 22. Re1 c5 23. Be3 Rd3 24. Bxc5 Rxc3 25. Bxa7 Kf7 26. a4 Ra8 27. Bd4 Rd3 28. Re4 Nd6 29. Rf4+ Nf5 30. Bb6 g5 31. Rc4 Nh4+ 32. Kf1 Nxf3 33. a5 Nd2+ 34. Ke2 Nxc4 35. Kxd3 Nxb6 36. Rb1 Nd5 37. Rb5 h6 38. Kd4 Kf6 39. f3 Ne7 40. Kc5 Nd5 41. Kc6 Rc8+ 42. Kb7 Rc7+ 43. Kb8 Rc6 44. Kb7 Ne7 45. a6 Rxa6 46. Kxa6 Nf5 47. Kb6 Nd4 48. Rb1 Nxf3 49. Rf1 g4 50. Kc5 Ke5 51. Rf2 h5 52. Kc4 Ke4 53. Re2+ Kf4 54. Kd3 e5 55. Rf2 e4+ 56. Ke2 e3 57. Rg2 h4 58. Kf1 Nd2+ 59. Ke2 Ne4 60. Rg1 1-0

[Event "Titled Tuesday intern op 09th Jan Early"]
[Site "Chess.com INT"]
[Date "2024.01.09"]
[Round "9"]
[White "Kanyamarala, Tarun"]
[Black "Garbarino, Rodolfo"]
[Result "1-0"]
[WhiteElo "2284"]
[BlackElo "2345"]
[PlyCount "91"]
[EventDate "2024.01.09"]
[EventType "swiss (blitz)"]
[EventRounds "11"]
[EventCountry "USA"]
[SourceTitle "CB03_2024"]
[SourceDate "2024.01.17"]
[SourceVersion "1"]
[SourceVersionDate "2024.01.17"]
[SourceQuality "1"]

1. e4 e5 2. Nf3 Nc6 3. Nc3 Nf6 4. Bb5 Nd4 5. Bd3 Nxf3+ 6. Qxf3 Bc5 7. 0-0 d6 8. h3 Be6 9. Na4 Bb6 10. Nxb6 axb6 11. c3 g5 12. Be2 g4 13. hxg4 Bxg4 14. Qe3 Bxe2 15. Qxe2 Rg8 16. d3 Qd7 17. f4 Ng4 18. fxe5 dxe5 19. Rf3 0-0-0 20. Bd2 Qe6 21. b3 Rg6 22. Raf1 f6 23. Rg3 Rdg8 24. Qf3 Kb8 25. Be1 Qc6 26. d4 h5 27. d5 Qc5+ 28. Kh1 Qa3 29. Qe2 Qc5 30. Rh3 Rg5 31. Bd2 R5g6 32. Rxh5 Nh6 33. Rxh6 Rxg2 34. Qxg2 Rxg2 35. Rh8+ Ka7 36. Kxg2 Qb5 37. Rf2 Qd3 38. Rh3 Qxe4+ 39. Kh2 f5 40. c4 f4 41. Rg2 Qf5 42. b4 e4 43. Ra3+ Kb8 44. Rg8+ Qc8 45. Rxc8+ Kxc8 46. Bxf4 1-0

[Event "Titled Tuesday intern op 09th Jan Early"]
[Site "Chess.com INT"]
[Date "2024.01.09"]
[Round "6"]
[White "Vakhlamov, Igor L"]
[Black "Kanyamarala, Tarun"]
[Result "1-0"]
[WhiteElo "2413"]
[BlackElo "2284"]
[PlyCount "43"]
[EventDate "2024.01.09"]
[EventType "swiss (blitz)"]
[EventRounds "11"]
[EventCountry "USA"]
[SourceTitle "CB03_2024"]
[SourceDate "2024.01.17"]
[SourceVersion "1"]
[SourceVersionDate "2024.01.17"]
[SourceQuality "1"]

1. e4 e5 2. Nf3 d6 3. d4 exd4 4. Qxd4 Nc6 5. Bb5 Bd7 6. Bxc6 Bxc6 7. Nc3 Nf6 8. Bg5 Be7 9. 0-0-0 0-0 10. e5 dxe5 11. Qxe5 Bd6 12. Qd4 h6 13. Bf4 Bxf4+ 14. Qxf4 Qc8 15. Ne5 Bd7 16. Nxd7 Nxd7 17. Nd5 Kh8 18. Rhe1 c6 19. Ne7 Qb8 20. Rd6 Nf6 21. Rxf6 Qxf4+ 22. Rxf4 1-0

[Event "Groningen op 59th"]
[Site "Groningen"]
[Date "2023.12.26"]
[Round "5"]
[White "Albers, Sasa"]
[Black "Kanyamarala, Tarun"]
[Result "0-1"]
[WhiteElo "2192"]
[BlackElo "2305"]
[PlyCount "90"]
[EventDate "2023.12.21"]
[EventType "swiss"]
[EventRounds "9"]
[EventCountry "NED"]
[SourceTitle "CB04_2024"]
[SourceDate "2023.10.16"]
[SourceVersion "1"]
[SourceVersionDate "2023.10.16"]
[SourceQuality "1"]

1. e4 c5 2. Nf3 d6 3. d4 cxd4 4. Nxd4 Nf6 5. Nc3 a6 6. Be3 Ng4 7. Bg5 h6 8. Bh4 g5 9. Bg3 Bg7 10. h3 Nf6 11. Be2 Qb6 12. Nb3 Nc6 13. Qd2 Be6 14. Rd1 Rc8 15. h4 g4 16. h5 Qd8 17. Qe3 Nb4 18. Rd2 b5 19. Nd4 Qd7 20. a3 Nc6 21. e5 dxe5 22. Nf5 Qxd2+ 23. Qxd2 Bxf5 24. Bd3 Be6 25. Ne4 Nd7 26. 0-0 f5 27. f3 gxf3 28. Rxf3 Nd4 29. Rf1 Bc4 30. Nc3 e6 31. Bf2 Bf6 32. Bxc4 Rxc4 33. Bxd4 exd4 34. Ne2 Bg5 35. Nf4 e5 36. Qe2 Bxf4 37. Rxf4 d3 38. Qxd3 Rxf4 39. Qd6 Rg4 40. Qxa6 Rhg8 41. Qe6+ Kd8 42. Qxf5 Rxg2+ 43. Kh1 R2g4 44. Qf2 R8g5 45. Qh2 Nf6 0-1

[Event "Groningen op 59th"]
[Site "Groningen"]
[Date "2023.12.24"]
[Round "4"]
[White "Kanyamarala, Tarun"]
[Black "Krasenkova, Ilena"]
[Result "1-0"]
[WhiteElo "2305"]
[BlackElo "2109"]
[PlyCount "115"]
[EventDate "2023.12.21"]
[EventType "swiss"]
[EventRounds "9"]
[EventCountry "NED"]
[SourceTitle "CB04_2024"]
[SourceDate "2023.10.16"]
[SourceVersion "1"]
[SourceVersionDate "2023.10.16"]
[SourceQuality "1"]

1. d4 d5 2. c4 c6 3. Nf3 Nf6 4. Nc3 e6 5. Qd3 dxc4 6. Qxc4 b5 7. Qd3 Bb7 8. e4 b4 9. Na4 Ba6 10. Qc2 Bxf1 11. Kxf1 Be7 12. g3 0-0 13. Kg2 a5 14. Bf4 Ra7 15. Rac1 Nfd7 16. h4 Re8 17. Rhd1 Bf8 18. Qc4 h6 19. Rd2 Qe7 20. Rdc2 f6 21. h5 Qf7 22. Rh1 Rb7 23. Qb3 Rb5 24. g4 g5 25. Bxb8 Nxb8 26. Re1 Kg7 27. Qd3 Rd8 28. Qe2 Qd7 29. Rd1 e5 30. Kh3 c5 31. d5 b3 32. axb3 Rxb3 33. Nc3 Bd6 34. Nd2 Rb4 35. Nc4 a4 36. Ra1 Qb7 37. Rxa4 Rxa4 38. Nxa4 Qb3+ 39. Nc3 Na6 40. Ne3 Nb4 41. Qb5 Bf8 42. Rd2 Kg8 43. Nc4 Rb8 44. Qxb8 Qxc4 45. Qb5 Qxb5 46. Nxb5 c4 47. d6 Nd3 48. d7 Be7 49. Nd6 Nf4+ 50. Kh2 Ne6 51. Nxc4 Nd8 52. Nd6 Kf8 53. Nf5 Bb4 54. Rd5 Kf7 55. Nxh6+ Kf8 56. Nf5 Kf7 57. Rb5 Be7 58. h6 1-0

[Event "Titled Tuesday intern op 19th Dec Early"]
[Site "Chess.com INT"]
[Date "2023.12.19"]
[Round "5"]
[White "Kanyamarala, Tarun"]
[Black "Pichot, Alan"]
[Result "0-1"]
[WhiteElo "2305"]
[BlackElo "2651"]
[PlyCount "58"]
[EventDate "2023.12.19"]
[EventType "swiss (blitz)"]
[EventRounds "11"]
[EventCountry "USA"]
[SourceTitle "CB52_2023"]
[SourceDate "2023.12.27"]
[SourceVersion "1"]
[SourceVersionDate "2023.12.27"]
[SourceQuality "1"]

1. Nf3 d5 2. g3 c6 3. Bg2 Nf6 4. 0-0 Bg4 5. h3 Bh5 6. d3 Nbd7 7. c4 e6 8. cxd5 exd5 9. Qc2 Be7 10. e4 0-0 11. e5 Ne8 12. d4 Nc7 13. Nc3 f6 14. e6 Nxe6 15. Qf5 Bf7 16. Re1 g6 17. Qc2 Re8 18. h4 Bd6 19. Be3 Ndf8 20. h5 Ng7 21. hxg6 hxg6 22. Rab1 g5 23. b4 Bg6 24. Qb3 Bxb1 25. Rxb1 Qd7 26. b5 Qf5 27. bxc6 bxc6 28. Qb7 Rab8 29. Qxc6 Rxb1+ 0-1

[Event "Titled Tuesday intern op 19th Dec Early"]
[Site "Chess.com INT"]
[Date "2023.12.19"]
[Round "2"]
[White "Tarasova, Viktoriya"]
[Black "Kanyamarala, Tarun"]
[Result "1-0"]
[WhiteElo "2226"]
[BlackElo "2305"]
[PlyCount "45"]
[EventDate "2023.12.19"]
[EventType "swiss (blitz)"]
[EventRounds "11"]
[EventCountry "USA"]
[SourceTitle "CB52_2023"]
[SourceDate "2023.12.27"]
[SourceVersion "1"]
[SourceVersionDate "2023.12.27"]
[SourceQuality "1"]

1. d4 e6 2. c4 f5 3. Nc3 Nf6 4. g3 Bb4 5. Bg2 0-0 6. Nf3 Ne4 7. Qc2 b6 8. 0-0 Bxc3 9. bxc3 Bb7 10. a4 Nc6 11. Nd2 Nxd2 12. Bxd2 Qc8 13. e4 Na5 14. c5 bxc5 15. dxc5 Nc4 16. Bg5 h6 17. Bc1 Bc6 18. Qd3 Na5 19. Be3 fxe4 20. Bxe4 Bxe4 21. Qxe4 Qa6 22. Rfd1 Rf7 23. Qxa8+ 1-0

[Event "Skopje op"]
[Site "Skopje"]
[Date "2023.12.09"]
[Round "5"]
[White "Sabirov, Rafael"]
[Black "Kanyamarala, Tarun"]
[Result "1-0"]
[WhiteElo "2119"]
[BlackElo "2305"]
[PlyCount "51"]
[EventDate "2023.12.06"]
[EventType "swiss"]
[EventRounds "9"]
[EventCountry "MKD"]
[SourceTitle "CB50_2023"]
[SourceDate "2023.12.13"]
[SourceVersion "1"]
[SourceVersionDate "2023.12.13"]
[SourceQuality "1"]

1. e4 c5 2. Nc3 e6 3. Nf3 Nc6 4. d4 cxd4 5. Nxd4 d6 6. Be3 Nf6 7. f4 Be7 8. Qf3 0-0 9. 0-0-0 Bd7 10. g4 Nxd4 11. Rxd4 e5 12. fxe5 dxe5 13. Rd2 Bxg4 14. Qg3 Qa5 15. Nd5 Nxd5 16. Rxd5 Qb4 17. Bd3 Be6 18. Bh6 g6 19. Qxe5 Bg5+ 20. Bxg5 Bxd5 21. Bh6 f6 22. Qxd5+ Rf7 23. Bc4 Qe7 24. Rd1 Rc8 25. Bb3 g5 26. Qd7 1-0

[Event "Kilkenny Masters"]
[Site "Kilkenny"]
[Date "2023.11.25"]
[Round "4"]
[White "Kanyamarala, Tarun"]
[Black "Davtyan, Artur"]
[Result "1/2-1/2"]
[WhiteElo "2312"]
[BlackElo "2471"]
[PlyCount "201"]
[EventDate "2023.11.24"]
[EventType "swiss"]
[EventRounds "6"]
[EventCountry "IRL"]
[SourceTitle "CB49_2023"]
[SourceDate "2023.12.06"]
[SourceVersion "1"]
[SourceVersionDate "2023.12.06"]
[SourceQuality "1"]

1. Nf3 d5 2. e3 c6 3. c4 Nf6 4. Nc3 e6 5. b3 Nbd7 6. Bb2 Bd6 7. Qc2 0-0 8. Be2 dxc4 9. bxc4 e5 10. 0-0 Re8 11. Ng5 Nc5 12. d4 exd4 13. exd4 Ne6 14. Nce4 Nxe4 15. Nxe4 Nf4 16. Bf3 Bf5 17. Rfe1 Qh4 18. g3 Qh6 19. Qb3 Nh3+ 20. Kg2 Bxe4 21. Bxe4 Ng5 22. Bf5 Qf6 23. Bc2 h5 24. h4 Ne6 25. d5 Nc5 26. Qa3 Qh6 27. Qf3 cxd5 28. Qxd5 Bf8 29. Kg1 Rad8 30. Qf3 g6 31. Bf6 Rc8 32. Red1 Bg7 33. Bg5 Qh8 34. Rab1 b6 35. Rd5 Re6 36. Rbd1 Rce8 37. Rd8 Bb2 38. Qa8 Qe5 39. Bf6 Qxf6 40. Rxe8+ Rxe8 41. Qxe8+ Kh7 42. Rd5 Kg7 43. Rd8 Kh6 44. Qf8+ Kh7 45. Rd5 Qf3 46. Bd1 Qf6 47. Qe8 Ne6 48. Rd7 Kg7 49. Qe7 a5 50. Qxf6+ Kxf6 51. Rd6 Bd4 52. Bf3 Ke7 53. Rd5 Bc5 54. Rd1 Nd4 55. Bd5 Ne2+ 56. Kg2 Nc3 57. Rd2 a4 58. Bc6 a3 59. Kf3 Kf6 60. Bd5 Ke7 61. Kg2 Kf6 62. Kf1 Ke7 63. Rc2 Bb4 64. f3 Kf6 65. Kf2 Bc5+ 66. Ke1 Bb4 67. Kf1 Kg7 68. Bb7 Kf6 69. f4 Ke6 70. Rd2 Kf6 71. Rc2 Ke6 72. Kg2 Kd6 73. Kf3 f5 74. Ke3 Na4 75. Bd5 Bc5+ 76. Kf3 b5 77. Bf7 b4 78. Bxg6 Ke6 79. Bxh5 Nc3 80. Rxc3 bxc3 81. Ke2 Bf2 82. g4 Bxh4 83. Kd3 Bg3 84. gxf5+ Kxf5 85. Kxc3 Bxf4 86. Kb4 Bd6+ 87. c5 Be7 88. Kc4 Ke5 89. Bg4 Bd8 90. Kb5 Kd4 91. Be6 Be7 92. c6 Bd8 93. Kb4 Ke5 94. Bd7 Be7+ 95. Ka4 Bd6 96. Ka5 Bc7+ 97. Ka6 Kd6 98. Kb7 Ba5 99. Ka6 Bd8 100. Kb7 Ba5 101. Ka6 1/2-1/2